01321 a2200277 45000010006000000050017000060080041000230030015000640400040000790800031001192450013001500200022001632500013001852640034001983000024002325050467002560410008007231000023007317000025007547000028007797000026008077000027008337000024008607000030008848560129009142318320260407155521.0260407a2003 arg spa dAR-UNSa-BCEJYS aAR-UNSa-BCEJYSbspacAR-UNSa-BCEJYS a330xEconomía en general10aEconomia a978-987-1112-02-9 a15a. ed. 1aMéxico :bMcGraw-Hillc2003 axxi, 801 p.c23 cm. aParte I: Conceptos basicos - Parte II: Microeconomia: La oferta, la demanda y los mercados de productos - Parte III: Los mercados de factores: la tierra, el trabajo y la distribución de la renta - Parte IV: El papel del estado en la económia - Parte V: La Macroeconomia: el estudio del crecimiento y de los ciclos económicos - Parte VI: El crecimiento económico y la politica macroeconomica - Parte VII: El comercio internacional y la económia mundial. aspa1 aSamuelson, Paul A.1 aNordhaus, William D.1 aRabasco, María Esther1 aPérez Enrri, Daniel1 aToharia Cortés, Luis1 aMilani, Ana María1 aNatiello, María Cecilia41uhttps://biblioeco.unsa.edu.ar/pmb/images/libros/Economia (samuelson-nordhaus-perez enrri).jpgyImagen de portadaqimage/jpeg